[Event "2018 Frodsham Congress"]
[Site "Frodsham"]
[Date "2018.02.03"]
[Round "3.9"]
[White "Bennett, Dominic L"]
[Black "Slinger, Aj (Tony)"]
[Result "1-0"]
[WhiteElo "1987"]
[BlackElo "1868"]
[PlyCount "111"]
[EventDate "2018.02.02"]

1. e4 d6 2. f4 Nf6 3. Nc3 g6 4. Be2 Bg7 5. g4 c5 6. g5 Nfd7 7. Nd5 Nc6 8. c3
Nb6 9. h4 e6 10. Ne3 d5 11. e5 h5 12. gxh6 Bxh6 13. Ng4 Bg7 14. Nf3 Ne7 15. d4
c4 16. Be3 Nf5 17. Bf2 Bd7 18. Qd2 Qe7 19. Ne3 Nxe3 20. Qxe3 Bc6 21. O-O-O Kd7
22. h5 gxh5 23. Bh4 Qf8 24. Rdg1 Nc8 25. Bd1 Ne7 26. Bc2 Re8 27. Kb1 Nf5 28.
Bxf5 exf5 29. Qd2 Kc8 30. Qg2 Bh6 31. Bg5 Bxg5 32. Qxg5 Bd7 33. Rxh5 Be6 34.
Qh4 Rxh5 35. Qxh5 Qh8 36. Rh1 Qxh5 37. Rxh5 Rg8 38. Ng5 Kd7 39. Kc2 Ke7 40. Kd2
Kf8 41. Rh7 Rg7 42. Rh6 Ke7 43. Ke3 Bd7 44. Rh7 Rxh7 45. Nxh7 Ba4 46. Kd2 Ke6
47. Nf6 b6 48. Nh5 Bd7 49. Ke3 Ke7 50. Kf2 Ba4 51. Kg3 Bd1 52. Nf6 Ke6 53. Kh4
Bf3 54. Kg5 Be4 55. Ne8 a5 56. Ng7+ 1-0

[Event "2018 Frodsham Congress"]
[Site "Frodsham"]
[Date "2018.02.03"]
[Round "3.10"]
[White "Camp, Imogen Al"]
[Black "Hilton, Tim"]
[Result "1-0"]
[WhiteElo "1869"]
[BlackElo "1896"]
[PlyCount "71"]
[EventDate "2018.02.02"]

1. d4 Nf6 2. Nf3 e6 3. Bf4 c5 4. c3 cxd4 5. cxd4 b6 6. Nc3 Bb7 7. e3 Be7 8. Bd3
d6 9. O-O O-O 10. Rc1 a6 11. Qe2 Nbd7 12. e4 Nh5 13. Bd2 e5 14. Nd5 Bxd5 15.
exd5 Nf4 16. Bxf4 exf4 17. Bxa6 Nf6 18. Rfe1 Ra7 19. Bc4 Qd7 20. a3 Qf5 21. Qd2
g5 22. Qb4 Rb8 23. Qb3 Bf8 24. Bd3 Qg4 25. Rc6 Nd7 26. Qc2 Qh5 27. h3 Nf6 28.
Rc8 Rbb7 29. Qc6 Kg7 30. Bf5 b5 31. Nd2 b4 32. Ne4 Nxe4 33. Qe8 Nd2 34. Qxf8+
Kf6 35. Qh8+ Kxf5 36. Re5+ 1-0

[Event "2018 Frodsham Congress"]
[Site "Frodsham"]
[Date "2018.02.03"]
[Round "3.11"]
[White "Newton, Robert A"]
[Black "Burns, Martin J"]
[Result "1/2-1/2"]
[WhiteElo "1973"]
[BlackElo "1877"]
[PlyCount "35"]
[EventDate "2018.02.02"]

1. d4 Nf6 2. c4 g6 3. Nc3 d5 4. cxd5 Nxd5 5. e4 Nxc3 6. bxc3 c5 7. Qa4+ Bd7 8.
Qa3 cxd4 9. cxd4 Bg7 10. Nf3 Nc6 11. Be3 O-O 12. Be2 Rc8 13. O-O Qa5 14. Qxa5
Nxa5 15. Rab1 b6 16. Rfc1 Rxc1+ 17. Rxc1 Rc8 18. Rxc8+ 1/2-1/2

[Event "2018 Frodsham Congress"]
[Site "Frodsham"]
[Date "2018.02.03"]
[Round "3.12"]
[White "Buckley, Colm"]
[Black "Vassiliou, Chris"]
[Result "0-1"]
[WhiteElo "1944"]
[BlackElo "1876"]
[PlyCount "66"]
[EventDate "2018.02.02"]

1. d4 f5 2. c4 Nf6 3. Nc3 g6 4. g3 Bg7 5. Bg2 O-O 6. Nf3 d6 7. O-O Na6 8. Re1
c5 9. d5 Nc7 10. Nd2 Rb8 11. a4 e5 12. e4 f4 13. gxf4 Nh5 14. Nf3 Nxf4 15. Bxf4
Rxf4 16. Qd3 a6 17. Ra3 Ne8 18. Ne2 Rf7 19. Nd2 Bh6 20. Rf1 Ng7 21. Nb1 Nh5 22.
Nec3 Qh4 23. Nd1 Bg4 24. Ndc3 Rbf8 25. f3 Bh3 26. Bxh3 Qxh3 27. Nd1 Kg7 28. Rb3
g5 29. Rf2 Kh8 30. a5 Qh4 31. Qe3 Kg7 32. Qd3 g4 33. f4 Bxf4 0-1

[Event "2018 Frodsham Congress"]
[Site "Frodsham"]
[Date "2018.02.03"]
[Round "3.13"]
[White "Gogia, Armaan"]
[Black "Evans, Paul A"]
[Result "0-1"]
[WhiteElo "1603"]
[BlackElo "1930"]
[PlyCount "38"]
[EventDate "2018.02.02"]

1. e4 g6 2. d4 Bg7 3. Nc3 d6 4. Be3 a6 5. Qd2 b5 6. Bd3 Bb7 7. f4 Nd7 8. Nf3 c5
9. e5 Bxf3 10. gxf3 cxd4 11. Bxd4 dxe5 12. fxe5 Nxe5 13. Be4 Nc4 14. Bc6+ Kf8
15. Bxg7+ Kxg7 16. Qf4 e5 17. Qc1 Qh4+ 18. Ke2 Rd8 19. Nd5 Na5 0-1

[Event "2018 Frodsham Congress"]
[Site "Frodsham"]
[Date "2018.02.03"]
[Round "3.14"]
[White "Whitehead, Mark A"]
[Black "Somton, Anita"]
[Result "1/2-1/2"]
[WhiteElo "1892"]
[BlackElo "1823"]
[PlyCount "63"]
[EventDate "2018.02.02"]

1. e4 c5 2. Nc3 Nc6 3. g3 g6 4. Bg2 Bg7 5. d3 e6 6. Be3 d6 7. Qd2 Nge7 8. Bh6
O-O 9. h4 Bxh6 10. Qxh6 Kh8 11. Nh3 Ng8 12. Qd2 f5 13. h5 Qf6 14. hxg6 Qxg6 15.
Nf4 Qf7 16. exf5 exf5 17. O-O-O Nf6 18. Ncd5 Ne5 19. Rh6 Neg4 20. Rh4 Rg8 21.
Rdh1 Rg7 22. f3 Nxd5 23. fxg4 Nxf4 24. Qxf4 fxg4 25. Qxd6 Be6 26. Be4 Bf5 27.
Rf1 Qe6 28. Qxe6 Bxe6 29. Rf6 Re8 30. Bg6 Ree7 31. Rf8+ Rg8 32. Rxg8+ 1/2-1/2

[Event "2018 Frodsham Congress"]
[Site "Frodsham"]
[Date "2018.02.04"]
[Round "4.1"]
[White "Crocker, Philip J"]
[Black "Surtees, Mike J"]
[Result "1/2-1/2"]
[WhiteElo "2090"]
[BlackElo "2126"]
[PlyCount "57"]
[EventDate "2018.02.02"]

1. c4 e6 2. g3 d5 3. Bg2 d4 4. Nf3 c5 5. e3 Nc6 6. exd4 cxd4 7. O-O Nf6 8. d3
Bd6 9. Re1 h6 10. Na3 O-O 11. Nc2 a5 12. Ncxd4 Nxd4 13. Nxd4 Bb4 14. Be3 e5 15.
Nb5 Bxe1 16. Qxe1 Ra6 17. Rd1 Qe7 18. a3 Bg4 19. Rd2 Be6 20. Rc2 Rd8 21. d4 Bf5
22. Rc1 exd4 23. Bxd4 Qxe1+ 24. Rxe1 Re6 25. Rc1 Be4 26. Bh3 Rc6 27. Bf1 Ne8
28. Be3 b6 29. b3 1/2-1/2

[Event "2018 Frodsham Congress"]
[Site "Frodsham"]
[Date "2018.02.04"]
[Round "4.2"]
[White "Furness, Robert M"]
[Black "McDougall, William M"]
[Result "1/2-1/2"]
[WhiteElo "2036"]
[BlackElo "2048"]
[PlyCount "53"]
[EventDate "2018.02.02"]

1. c4 Nf6 2. Nc3 d5 3. cxd5 Nxd5 4. g3 g6 5. Bg2 Nb6 6. Nf3 Bg7 7. d3 O-O 8.
Be3 Re8 9. Qd2 Nc6 10. O-O e5 11. Bg5 f6 12. Bh6 Be6 13. Bxg7 Kxg7 14. Ne4 Qe7
15. Rfc1 Rad8 16. b3 Nd4 17. Qb2 c6 18. Kf1 Bd5 19. Ng1 Ne6 20. Nd2 Bxg2+ 21.
Kxg2 Nd5 22. Rc4 Kg8 23. h4 Nd4 24. Ndf3 Ne6 25. a3 Nc5 26. Rac1 Ne6 27. Rd1
1/2-1/2

[Event "2018 Frodsham Congress"]
[Site "Frodsham"]
[Date "2018.02.04"]
[Round "4.3"]
[White "Jackson, Oliver A"]
[Black "Bennett, Dominic L"]
[Result "1-0"]
[WhiteElo "2181"]
[BlackElo "1987"]
[PlyCount "67"]
[EventDate "2018.02.02"]

1. e4 e5 2. f4 exf4 3. Nf3 d6 4. d4 g5 5. Bc4 h6 6. h4 Bg7 7. c3 Qe7 8. O-O Nc6
9. b4 Bg4 10. Na3 Nf6 11. Bd3 Nh5 12. Bb2 Ng3 13. Re1 Bh5 14. Qd2 O-O-O 15. b5
Nb8 16. e5 Bxf3 17. gxf3 dxe5 18. Nc4 Nd7 19. Be4 Nc5 20. Qc2 Ncxe4 21. fxe4 g4
22. Qh2 exd4 23. cxd4 Rxd4 24. Rac1 Rxc4 25. Rxc4 Bxb2 26. Qxb2 Rd8 27. Rec1
Qe6 28. Rxc7+ Kb8 29. Qc2 Qb6+ 30. Kg2 f3+ 31. Kxg3 Qd6+ 32. Kf2 g3+ 33. Kxf3
Qf6+ 34. Kg2 1-0

[Event "2018 Frodsham Congress"]
[Site "Frodsham"]
[Date "2018.02.04"]
[Round "4.4"]
[White "Camp, Imogen Al"]
[Black "Roberts, Paul E"]
[Result "0-1"]
[WhiteElo "1869"]
[BlackElo "2167"]
[PlyCount "71"]
[EventDate "2018.02.02"]

1. d4 Nf6 2. Nf3 b6 3. Bf4 g6 4. e3 Bg7 5. Bd3 c5 6. c3 Ba6 7. O-O O-O 8. Re1
Bxd3 9. Qxd3 d5 10. h3 c4 11. Qc2 Nc6 12. Nbd2 e6 13. Ne5 Nxe5 14. Bxe5 b5 15.
b4 a5 16. a3 Ra6 17. Qb2 a4 18. Qc2 Nh5 19. Bxg7 Kxg7 20. g3 f5 21. Nf1 g5 22.
Kh2 Qd6 23. f4 h6 24. Qe2 Nf6 25. Nd2 Ra7 26. Rg1 Kh8 27. Kg2 Rg7 28. Kf2 Rfg8
29. Raf1 h5 30. Qf3 Qe7 31. Ke2 g4 32. Qg2 gxh3 33. Qxh3 Qf7 34. Rg2 Qg6 35.
Rfg1 Rh7 36. Rh1 0-1

[Event "2018 Frodsham Congress"]
[Site "Frodsham"]
[Date "2018.02.04"]
[Round "4.5"]
[White "Benson, Paul J"]
[Black "Whitehead, Mark A"]
[Result "1/2-1/2"]
[WhiteElo "2040"]
[BlackElo "1892"]
[PlyCount "52"]
[EventDate "2018.02.02"]

1. e4 c5 2. Nf3 e6 3. d4 cxd4 4. Nxd4 a6 5. Nc3 Qc7 6. g3 b5 7. a3 Bb7 8. Bg2
Be7 9. O-O Nf6 10. Qe2 d6 11. f4 O-O 12. h3 Nc6 13. Nb3 Rac8 14. g4 Rfe8 15. g5
Nd7 16. Be3 Nc5 17. Nxc5 dxc5 18. e5 Na5 19. Bxb7 Qxb7 20. Rad1 Nc4 21. Bc1
Red8 22. Qe4 Na5 23. Qxb7 Nxb7 24. Kf2 Rxd1 25. Rxd1 Rd8 26. Rxd8+ Bxd8 1/2-1/2

[Event "2018 Frodsham Congress"]
[Site "Frodsham"]
[Date "2018.02.04"]
[Round "4.6"]
[White "Altham, John T"]
[Black "Bimpson, Tom"]
[Result "1-0"]
[WhiteElo "1817"]
[BlackElo "2016"]
[PlyCount "79"]
[EventDate "2018.02.02"]

1. d4 d6 2. Bf4 Nd7 3. Nf3 g6 4. c3 Bg7 5. Nbd2 e5 6. dxe5 dxe5 7. Bg3 Nh6 8.
e4 O-O 9. Bc4 Qe8 10. h4 Nb6 11. Bb3 Be6 12. h5 a5 13. hxg6 hxg6 14. Bxe6 Qxe6
15. Qb3 Qxb3 16. axb3 f6 17. Ke2 Kf7 18. Nc4 Nxc4 19. bxc4 b6 20. Rhd1 Ke6 21.
Nd2 Rfd8 22. f3 Bf8 23. Bf2 Nf7 24. c5 bxc5 25. Nc4 Rdb8 26. Ra2 Nd6 27. Nd2
Nb7 28. Rg1 Bh6 29. b4 cxb4 30. cxb4 Bxd2 31. Kxd2 Nd6 32. Bc5 Rb5 33. Bxd6
cxd6 34. Rxa5 Rab8 35. Rxb5 Rxb5 36. Kc3 f5 37. Kc4 Rb8 38. b5 fxe4 39. fxe4
Rc8+ 40. Kb4 1-0

[Event "2018 Frodsham Congress"]
[Site "Frodsham"]
[Date "2018.02.04"]
[Round "4.7"]
[White "Evans, Paul A"]
[Black "Doran, Chris"]
[Result "1-0"]
[WhiteElo "1930"]
[BlackElo "1972"]
[PlyCount "83"]
[EventDate "2018.02.02"]

1. e4 d6 2. Nc3 g6 3. Bc4 Bg7 4. d3 c5 5. h4 h5 6. Nh3 Nc6 7. Ng5 Nh6 8. Be3 e6
9. f3 a6 10. a4 Nd4 11. Qd2 Bd7 12. a5 O-O 13. Nd1 b5 14. axb6 Qxb6 15. c3 Nc6
16. Nxe6 Bxe6 17. Bxe6 fxe6 18. Bxh6 Ne5 19. Bxg7 Kxg7 20. Rh3 c4 21. d4 Nd3+
22. Kf1 e5 23. d5 Rf4 24. Qe3 Qc7 25. Qe2 Qe7 26. Nf2 Rxh4 27. Nxd3 Rxh3 28.
gxh3 cxd3 29. Qxd3 Qh4 30. Kg2 Qg5+ 31. Kh1 Qg3 32. Qf1 Rf8 33. Qg2 Qf4 34. Qf2
Ra8 35. Rd1 a5 36. h4 a4 37. Ra1 a3 38. Rxa3 Rxa3 39. bxa3 Qc1+ 40. Kg2 Qxa3
41. Qe3 Kf7 42. f4 1-0

[Event "2018 Frodsham Congress"]
[Site "Frodsham"]
[Date "2018.02.04"]
[Round "4.8"]
[White "Hymer, Barry J"]
[Black "French, Max"]
[Result "1/2-1/2"]
[WhiteElo "1832"]
[BlackElo "1997"]
[PlyCount "90"]
[EventDate "2018.02.02"]

1. d4 Nf6 2. Nf3 e6 3. Bf4 c5 4. e3 Be7 5. c3 b6 6. h3 Bb7 7. Bd3 O-O 8. Nbd2
cxd4 9. exd4 d6 10. O-O Nbd7 11. Qe2 Re8 12. Rfe1 h6 13. Rad1 Bf8 14. Bh2 Qc7
15. Bb1 Rad8 16. c4 Qc8 17. b4 Qa8 18. a3 a5 19. Qd3 e5 20. d5 axb4 21. axb4 b5
22. Nh4 bxc4 23. Nxc4 Bxd5 24. f3 Qb8 25. Ne3 Be6 26. Nef5 g5 27. Nxh6+ Bxh6
28. Nf5 Bxf5 29. Qxf5 Qxb4 30. Ba2 Ra8 31. Qg6+ Bg7 32. Bxf7+ Kf8 33. Bxe8 Rxe8
34. Qxg5 Kf7 35. Qf5 Nc5 36. g4 Qb6 37. Rb1 Nb3+ 38. Kh1 Kg8 39. g5 Nh7 40. h4
Qf2 41. g6 Nf8 42. Rf1 Qa7 43. Rxb3 Re6 44. h5 Rf6 45. Qe4 Qd4 1/2-1/2

[Event "2018 Frodsham Congress"]
[Site "Frodsham"]
[Date "2018.02.04"]
[Round "4.9"]
[White "McDonagh, Michael"]
[Black "Carroll, Thomas"]
[Result "0-1"]
[WhiteElo "1911"]
[BlackElo "1842"]
[PlyCount "132"]
[EventDate "2018.02.02"]

1. d4 Nf6 2. Nf3 c5 3. c4 cxd4 4. Nxd4 e5 5. Nc2 d5 6. cxd5 Qxd5 7. Qxd5 Nxd5
8. e4 Nb4 9. Nxb4 Bxb4+ 10. Bd2 Nc6 11. Bxb4 Nxb4 12. Bb5+ Ke7 13. Nc3 Nc2+ 14.
Ke2 Nxa1 15. Nd5+ Kd6 16. Rxa1 Be6 17. Rd1 Rad8 18. Bc4 b5 19. Bb3 a5 20. a3 a4
21. Ba2 Bxd5 22. Ke3 Ke7 23. Bxd5 f6 24. Rd3 Rc8 25. Kd2 Rc7 26. Rg3 Kd6 27.
Rd3 Kc5 28. Be6 Re8 29. Bd7 Rd8 30. Bxb5 Rxd3+ 31. Bxd3 Rb7 32. Kc1 Kd4 33. Bc2
Rc7 34. Kd2 Rc4 35. Bd3 Rc5 36. Bc2 Ra5 37. h4 Ra7 38. g4 Kc4 39. Kc1 Kb5 40.
Kd2 Rd7+ 41. Kc3 Rd4 42. Bd3+ Kc5 43. Bc2 g6 44. g5 fxg5 45. hxg5 Rc4+ 46. Kd3
Kb5 47. b3 axb3 48. Bxb3 Rc8 49. Bc2 Ra8 50. a4+ Kb4 51. Ke3 Rc8 52. Bd3 Rc3
53. Kd2 Ra3 54. Bb5 Kc5 55. Ke2 Kd4 56. Bc6 Rb3 57. Bd5 Rb6 58. Kf3 Ra6 59. Bb3
Ra8 60. Bc2 Kc3 61. Bd1 Kd3 62. Be2+ Kd4 63. Bb5 Rf8+ 64. Kg3 Kxe4 65. Bc6+ Kf5
66. a5 Rd8 0-1

[Event "2018 Frodsham Congress"]
[Site "Frodsham"]
[Date "2018.02.04"]
[Round "4.10"]
[White "Vassiliou, Chris"]
[Black "Boswell, Jacob Connor"]
[Result "0-1"]
[WhiteElo "1876"]
[BlackElo "1803"]
[PlyCount "68"]
[EventDate "2018.02.02"]

1. d4 f5 2. g3 e6 3. Bg2 Nf6 4. Nf3 Be7 5. O-O O-O 6. b3 d6 7. Bb2 Qe8 8. c4
Nbd7 9. Nbd2 Bd8 10. Re1 e5 11. e4 f4 12. dxe5 dxe5 13. Ba3 Be7 14. Bxe7 Qxe7
15. Nb1 Nc5 16. Nc3 c6 17. gxf4 exf4 18. e5 Ng4 19. h3 Nh6 20. Qe2 Bf5 21. Rad1
Nf7 22. Nd4 Ng5 23. Kh2 Nce6 24. Nxf5 Rxf5 25. Qg4 Raf8 26. Be4 h5 27. Qg2 f3
28. Qg3 Rf4 29. Rd3 Nxh3 30. Rxf3 Rh4 31. Rxf8+ Kxf8 32. Bf5 Nef4 33. f3 Ng5+
34. Kg1 Qc5+ 0-1

[Event "2018 Frodsham Congress"]
[Site "Frodsham"]
[Date "2018.02.04"]
[Round "4.11"]
[White "Burns, Martin J"]
[Black "Bryant, Richard Be"]
[Result "1-0"]
[WhiteElo "1877"]
[BlackElo "1983"]
[PlyCount "97"]
[EventDate "2018.02.02"]

1. e4 e6 2. d4 d5 3. e5 c5 4. c3 Qb6 5. Nf3 Nc6 6. a3 a5 7. Bd3 Bd7 8. Bc2 f6
9. O-O f5 10. Re1 cxd4 11. cxd4 Be7 12. Nc3 Qd8 13. Rb1 h5 14. Qd3 g6 15. Ne2
Na7 16. Nf4 Bb5 17. Qe3 Kf7 18. Nh3 Qb6 19. Nhg5+ Kg7 20. Nh4 Rc8 21. Bd1 Be8
22. Be2 Nh6 23. Qg3 Ng4 24. Nhf3 Rc6 25. h3 Nh6 26. Be3 Nf7 27. Nxf7 Bxf7 28.
Bg5 Qd8 29. Rec1 Bxg5 30. Nxg5 Qe7 31. h4 Be8 32. Rc3 Rxc3 33. bxc3 Nc8 34. Qf4
Bf7 35. a4 Rd8 36. Qg3 Kf8 37. Qd3 Be8 38. Qc2 Na7 39. Rb6 Bc6 40. Qb2 Nc8 41.
Rb3 b6 42. Bb5 Be8 43. Bxe8 Rxe8 44. Qe2 Qc7 45. Qb5 Re7 46. Nh3 Kg7 47. Ng5
Qc4 48. Qxc4 dxc4 49. Rb5 1-0

[Event "2018 Frodsham Congress"]
[Site "Frodsham"]
[Date "2018.02.04"]
[Round "4.12"]
[White "Slinger, Aj (Tony)"]
[Black "Newton, Robert A"]
[Result "1/2-1/2"]
[WhiteElo "1868"]
[BlackElo "1973"]
[PlyCount "112"]
[EventDate "2018.02.02"]

1. e4 c5 2. Nf3 d6 3. d4 cxd4 4. Nxd4 Nf6 5. Nc3 g6 6. Be3 Bg7 7. f3 O-O 8. Qd2
Nc6 9. O-O-O Bd7 10. h4 h5 11. Bc4 Rc8 12. Bb3 Nxd4 13. Bxd4 b5 14. Bxa7 b4 15.
Nd5 Nxd5 16. exd5 Qa5 17. Bd4 Rxc2+ 18. Bxc2 Qxa2 19. Bxg7 Qa1+ 20. Bb1 Rc8+
21. Bc3 Bf5 22. Qd4 bxc3 23. bxc3 Qxb1+ 24. Kd2 Qc2+ 25. Ke1 Qxg2 26. Rf1 Qc2
27. Rd2 Qb3 28. Qb4 Qxc3 29. Qxc3 Rxc3 30. Kf2 Kg7 31. Re1 Kf6 32. Ra1 Rc7 33.
Re1 g5 34. hxg5+ Kxg5 35. Rde2 e6 36. dxe6 fxe6 37. Rxe6 Bxe6 38. Rxe6 Rc2+ 39.
Ke3 Rc3+ 40. Ke2 Rc6 41. Re8 h4 42. Rh8 d5 43. Rd8 Rc5 44. Ke3 h3 45. Rh8 Rc3+
46. Kd4 Rxf3 47. Kxd5 Kg4 48. Ke4 Rf7 49. Ke3 Kg3 50. Rg8+ Kh2 51. Ke2 Kh1 52.
Rh8 h2 53. Rg8 Ra7 54. Kf2 Ra1 55. Rf8 Ra7 56. Rg8 Ra1 1/2-1/2

[Event "2018 Frodsham Congress"]
[Site "Frodsham"]
[Date "2018.02.04"]
[Round "4.13"]
[White "Hilton, Tim"]
[Black "Jaques, Andrew"]
[Result "1/2-1/2"]
[WhiteElo "1896"]
[BlackElo "1840"]
[PlyCount "28"]
[EventDate "2018.02.02"]

1. c4 Nf6 2. g3 g6 3. Bg2 Bg7 4. Nc3 O-O 5. d3 d6 6. Nf3 Nc6 7. O-O e5 8. Rb1
a5 9. a3 Nd4 10. b4 axb4 11. axb4 c6 12. b5 Bd7 13. bxc6 bxc6 14. Bb2 Qc7
1/2-1/2

[Event "2018 Frodsham Congress"]
[Site "Frodsham"]
[Date "2018.02.04"]
[Round "4.14"]
[White "Somton, Anita"]
[Black "Gogia, Armaan"]
[Result "0-1"]
[WhiteElo "1823"]
[BlackElo "1603"]
[PlyCount "94"]
[EventDate "2018.02.02"]

1. e4 c5 2. Nc3 a6 3. f4 b5 4. Nf3 Bb7 5. d3 e6 6. Be2 Nf6 7. e5 Nd5 8. Ne4 Qc7
9. O-O Be7 10. Qe1 Nc6 11. c3 O-O-O 12. Neg5 Rdf8 13. c4 Ndb4 14. Qd1 bxc4 15.
dxc4 Nd4 16. Nxd4 cxd4 17. a3 d3 18. Bxd3 Nxd3 19. Qxd3 Bxg5 20. fxg5 Qxe5 21.
Bf4 Qc5+ 22. Rf2 f6 23. Bd6 Qxg5 24. Bxf8 Rxf8 25. Rd1 Rd8 26. b4 h5 27. c5 Qd5
28. Qc2 Qe5 29. a4 h4 30. b5 Qc7 31. Rfd2 Bd5 32. bxa6 Qa5 33. Rb1 Qxa6 34.
Rxd5 exd5 35. Qb3 Kc7 36. Qxd5 Qc6 37. Qc4 Ra8 38. Rb4 g5 39. h3 Ra5 40. Rb5
Qa6 41. Qg8 Rxb5 42. axb5 Qa1+ 43. Kh2 Qe5+ 44. Kh1 Qxc5 45. Qb3 Kb6 46. Qf3
Qc1+ 47. Kh2 Qf4+ 0-1

[Event "2018 Frodsham Congress"]
[Site "Frodsham"]
[Date "2018.02.04"]
[Round "5.1"]
[White "Surtees, Mike J"]
[Black "Furness, Robert M"]
[Result "1-0"]
[WhiteElo "2126"]
[BlackElo "2036"]
[PlyCount "61"]
[EventDate "2018.02.02"]

1. e4 d5 2. exd5 Qxd5 3. Nc3 Qa5 4. f4 Nf6 5. Nf3 Nc6 6. Bb5 Bd7 7. O-O a6 8.
Bxc6 Bxc6 9. Ne5 e6 10. d4 Bb4 11. Nxc6 bxc6 12. Qf3 O-O 13. Qxc6 Rad8 14. Ne2
Nd5 15. c3 Be7 16. a4 Rd6 17. Qc4 Qb6 18. b4 Rb8 19. Bd2 Rdd8 20. Ng3 Qa7 21.
Kh1 g6 22. Ne4 Nxb4 23. cxb4 Rxd4 24. Qc2 Bxb4 25. Be3 Rbd8 26. Bxd4 Rxd4 27.
Rad1 c5 28. Rxd4 cxd4 29. Qc4 a5 30. Rd1 Qb7 31. Qxd4 1-0

[Event "2018 Frodsham Congress"]
[Site "Frodsham"]
[Date "2018.02.04"]
[Round "5.2"]
[White "McDougall, William M"]
[Black "Jackson, Oliver A"]
[Result "1/2-1/2"]
[WhiteElo "2048"]
[BlackElo "2181"]
[PlyCount "83"]
[EventDate "2018.02.02"]

1. d4 Nf6 2. Nf3 d6 3. c4 Bg4 4. Qb3 Qc8 5. Nc3 g6 6. h3 Bd7 7. e4 Bg7 8. e5
Ng8 9. Bf4 Nc6 10. Be2 Nxd4 11. Nxd4 dxe5 12. Bg3 exd4 13. Nd5 e5 14. O-O c6
15. Nb4 Ne7 16. Nd3 f6 17. Nc5 b6 18. Ne4 Qc7 19. c5 bxc5 20. Nxc5 Qb6 21. Qc4
Qb5 22. Nxd7 Qxc4 23. Nxf6+ Bxf6 24. Bxc4 Nf5 25. Bxe5 Bxe5 26. Rfe1 Kd7 27.
Rxe5 Rhe8 28. Rae1 Rxe5 29. Rxe5 Kd6 30. Ra5 Rb8 31. b3 Rb7 32. a3 Re7 33. Kf1
h6 34. b4 Rb7 35. Bd3 Ne7 36. Be4 Rc7 37. Ke2 Nd5 38. Bxd5 cxd5 39. Ra6+ Ke5
40. Rxg6 Rc2+ 41. Kd3 Rc3+ 42. Kd2 1/2-1/2

[Event "2018 Frodsham Congress"]
[Site "Frodsham"]
[Date "2018.02.04"]
[Round "5.3"]
[White "Roberts, Paul E"]
[Black "Crocker, Philip J"]
[Result "1/2-1/2"]
[WhiteElo "2167"]
[BlackElo "2090"]
[PlyCount "98"]
[EventDate "2018.02.02"]

1. e4 Nf6 2. e5 Nd5 3. d4 d6 4. Nf3 dxe5 5. Nxe5 c6 6. Be2 Bf5 7. O-O Nd7 8.
Nf3 e6 9. c4 N5f6 10. Nc3 Ne4 11. Nxe4 Bxe4 12. Bf4 Be7 13. Qd2 O-O 14. Rfd1 a5
15. Qe3 Bg6 16. Qb3 Qb6 17. Qxb6 Nxb6 18. Ne5 Bf6 19. Nxg6 hxg6 20. a4 Rfe8 21.
Bc7 Nc8 22. Ra3 Re7 23. Bg3 Rd7 24. Rad3 Ne7 25. Bf4 Rad8 26. Be3 Nf5 27. d5
Nxe3 28. fxe3 exd5 29. cxd5 Rxd5 30. Rxd5 Rxd5 31. Rxd5 cxd5 32. b3 d4 33. exd4
Bxd4+ 34. Kf1 Kh7 35. Bf3 b6 36. g4 Kh6 37. Kg2 Kg5 38. h3 Kf4 39. Bd5 f5 40.
Be6 Ke5 41. Bc8 f4 42. Kf3 g5 43. Bb7 Bc5 44. Bc8 Be7 45. Bb7 Kd4 46. Bc8 Kc3
47. Be6 Kd2 48. Bd5 Ke1 49. Kg2 Kd2 1/2-1/2

[Event "2018 Frodsham Congress"]
[Site "Frodsham"]
[Date "2018.02.04"]
[Round "5.4"]
[White "Boswell, Jacob Connor"]
[Black "Altham, John T"]
[Result "1-0"]
[WhiteElo "1803"]
[BlackElo "1817"]
[PlyCount "37"]
[EventDate "2018.02.02"]

1. e4 d6 2. d4 Nf6 3. Nc3 Nbd7 4. Nf3 e5 5. Bc4 Be7 6. a4 a5 7. h3 c6 8. Be3
Qc7 9. Bb3 h6 10. Qe2 O-O 11. Rd1 Re8 12. O-O g5 13. dxe5 dxe5 14. Qc4 Rf8 15.
Nd5 Nxd5 16. exd5 c5 17. d6 Bxd6 18. Qd3 Be7 19. Qg6+ 1-0

[Event "2018 Frodsham Congress"]
[Site "Frodsham"]
[Date "2018.02.04"]
[Round "5.5"]
[White "Gogia, Armaan"]
[Black "Benson, Paul J"]
[Result "1-0"]
[WhiteElo "1603"]
[BlackElo "2040"]
[PlyCount "61"]
[EventDate "2018.02.02"]

1. e4 c5 2. Nf3 d6 3. d4 cxd4 4. Nxd4 Nf6 5. Nc3 a6 6. Bg5 e6 7. f4 h6 8. Bh4
Be7 9. Qf3 O-O 10. O-O-O Nc6 11. e5 Nxd4 12. Rxd4 Ne8 13. Bxe7 Qxe7 14. Bd3
dxe5 15. fxe5 Qg5+ 16. Kb1 Qxe5 17. Rd1 Nf6 18. Be4 Qc7 19. Bd3 Bd7 20. Ne4
Nxe4 21. Bxe4 Bc6 22. Bxc6 bxc6 23. Rd7 Qb6 24. Rf1 Rab8 25. b3 Rb7 26. Rd6 Rc8
27. Rfd1 a5 28. R1d4 Re7 29. Rg4 Qg1+ 30. Rd1 Qxh2 31. Qf6 1-0

[Event "2018 Frodsham Congress"]
[Site "Frodsham"]
[Date "2018.02.04"]
[Round "5.6"]
[White "Carroll, Thomas"]
[Black "Evans, Paul A"]
[Result "1-0"]
[WhiteElo "1842"]
[BlackElo "1930"]
[PlyCount "57"]
[EventDate "2018.02.02"]

1. d4 g6 2. e4 Bg7 3. c3 d6 4. Nf3 Nf6 5. Bd3 Bg4 6. Nbd2 e5 7. h3 Bxf3 8. Nxf3
exd4 9. cxd4 O-O 10. O-O c6 11. Re1 Re8 12. e5 Nd5 13. Bg5 Ne7 14. Qe2 d5 15.
Nh2 h6 16. Bf6 Qd7 17. Bxg7 Kxg7 18. Ng4 Qe6 19. Nf6 Rd8 20. g4 Ng8 21. Nxg8
Rxg8 22. f4 f5 23. Kh2 Nd7 24. gxf5 gxf5 25. Qh5 Raf8 26. Rg1+ Kh7 27. Rxg8
Kxg8 28. Rg1+ Kh7 29. Rg5 1-0

[Event "2018 Frodsham Congress"]
[Site "Frodsham"]
[Date "2018.02.04"]
[Round "5.7"]
[White "Bimpson, Tom"]
[Black "Burns, Martin J"]
[Result "0-1"]
[WhiteElo "2016"]
[BlackElo "1877"]
[PlyCount "32"]
[EventDate "2018.02.02"]

1. d4 Nf6 2. Bf4 g6 3. Nc3 d5 4. e3 c6 5. h4 Nbd7 6. Bd3 Bg7 7. h5 gxh5 8. Rxh5
Nxh5 9. Qxh5 Nf8 10. O-O-O Ng6 11. Nf3 Be6 12. Bh6 Bxh6 13. Qxh6 Qd7 14. Bxg6
fxg6 15. Ne5 Qd6 16. Nxg6 Bf7 0-1

[Event "2018 Frodsham Congress"]
[Site "Frodsham"]
[Date "2018.02.04"]
[Round "5.8"]
[White "French, Max"]
[Black "Camp, Imogen Al"]
[Result "1-0"]
[WhiteElo "1997"]
[BlackElo "1869"]
[PlyCount "93"]
[EventDate "2018.02.02"]

1. d4 d5 2. c4 e6 3. Nc3 Nf6 4. cxd5 exd5 5. Bg5 Be7 6. e3 c6 7. Bd3 O-O 8. Qc2
Nbd7 9. Nf3 Re8 10. O-O h6 11. Bh4 Ne4 12. Bxe7 Qxe7 13. Rab1 Ndf6 14. b4 Bd7
15. Ne5 Nd6 16. b5 Rac8 17. bxc6 Bxc6 18. Qb3 Nde4 19. Nxc6 bxc6 20. Nxe4 Nxe4
21. Bxe4 Qxe4 22. Rfc1 Qe7 23. Rc5 Qd6 24. Rbc1 Rc7 25. g3 Rec8 26. a4 h5 27.
Qd1 g6 28. Qc2 Qf6 29. Qe2 Kg7 30. R1c3 h4 31. Qg4 hxg3 32. hxg3 Qd6 33. Kg2
Rb8 34. Qf4 Qxf4 35. gxf4 Rb6 36. Rxd5 Ra6 37. Rdc5 Rxa4 38. Rxc6 Rb7 39. Rc7
Rb2 40. Rc2 Rb1 41. Rd7 Ra3 42. Rcc7 Rb2 43. Rxf7+ Kg8 44. Rfd7 Rb8 45. Rxa7
Rc3 46. Rg7+ Kf8 47. Rxg6 1-0

[Event "2018 Frodsham Congress"]
[Site "Frodsham"]
[Date "2018.02.04"]
[Round "5.9"]
[White "Doran, Chris"]
[Black "Hymer, Barry J"]
[Result "1/2-1/2"]
[WhiteElo "1972"]
[BlackElo "1832"]
[PlyCount "101"]
[EventDate "2018.02.02"]

1. e4 g6 2. d4 Bg7 3. Nc3 c5 4. Be3 cxd4 5. Bxd4 Nf6 6. e5 Nh5 7. Nge2 f6 8.
exf6 Nxf6 9. g3 Nc6 10. Bg2 O-O 11. O-O d6 12. h3 Nxd4 13. Nxd4 a6 14. Qd2 Kh8
15. Rad1 Rb8 16. Rfe1 Ne8 17. Ne4 h6 18. Nc3 e5 19. Nf3 Be6 20. Nxe5 Qf6 21.
Ng4 Bxg4 22. hxg4 b5 23. Rb1 Qd4 24. Ne4 Qxd2 25. Nxd2 Bd4 26. Re2 Nf6 27. c3
Bb6 28. Bh3 d5 29. Kg2 g5 30. f4 h5 31. fxg5 hxg4 32. gxf6 gxh3+ 33. Kxh3 Rxf6
34. Rbe1 Rg8 35. Re6 Bf2 36. Rxf6 Bxe1 37. Nf1 a5 38. Rf5 b4 39. cxb4 axb4 40.
Rh5+ Kg7 41. Rg5+ Kf7 42. Rxg8 Kxg8 43. Kg4 Bf2 44. Kf3 Bc5 45. Ke2 Kf7 46. Kd3
Kf6 47. Ne3 Ke5 48. g4 Be7 49. Nc2 Bc5 50. b3 Kf4 51. Nd4 1/2-1/2